00946cam a2200241 a 450000500170000000800410001702000150005804000240007304100080009708200190010510000180012424501100014226000430025230000350029550000730033050400290040365000470043265000440047965000600052365000650058370000230064871000330067120160222095617.0031201s2003 us a r 00010 eng d a0821354590 ala cladCO-BoIAVH 0 aeng04a307.14 bC71r 1 aCsaki, Csaba.10aReaching the rural poor : ba renewed strategy for rural development / c[Csaba Csaki, Cornelis de Haan]. aWashington : bThe World Bank, c2003. axxx, 174 p. : bil. ; c25 cm. aLa Biblioteca es depositaria de las publicaciones del Banco Mundial. aIncluye bibliografías. aDesarrollo ruralz Países en desarrollo. aPobreza ruralz Países en desarrollo. aProyectos de desarrollo ruralz Países en desarrollo. aProyectos de desarrollo agrícolaz Países en desarrollo.1 aHaan, Cornelis de.1 aBanco Mundial c(Washington)